<?xml version="1.0" encoding="UTF-8"?>
<collection xmlns="http://www.loc.gov/MARC21/slim">
<record>
  <controlfield tag="001">152506</controlfield>
  <controlfield tag="005">20250401114422.0</controlfield>
  <datafield tag="037" ind1=" " ind2=" ">
    <subfield code="a">TAZ-TFG-2025-112</subfield>
  </datafield>
  <datafield tag="041" ind1=" " ind2=" ">
    <subfield code="a">spa</subfield>
  </datafield>
  <datafield tag="100" ind1="1" ind2=" ">
    <subfield code="a">Candalija Morancho, Raúl</subfield>
  </datafield>
  <datafield tag="242" ind1="0" ind2="0">
    <subfield code="a">Gaius Julius Caesar</subfield>
  </datafield>
  <datafield tag="245" ind1="0" ind2="0">
    <subfield code="a">Cayo Julio César</subfield>
  </datafield>
  <datafield tag="260" ind1=" " ind2=" ">
    <subfield code="a">Zaragoza</subfield>
    <subfield code="b">Universidad de Zaragoza</subfield>
    <subfield code="c">2025</subfield>
  </datafield>
  <datafield tag="506" ind1=" " ind2=" ">
    <subfield code="a">by-nc-sa</subfield>
    <subfield code="b">Creative Commons</subfield>
    <subfield code="c">3.0</subfield>
    <subfield code="u">http://creativecommons.org/licenses/by-nc-sa/3.0/</subfield>
  </datafield>
  <datafield tag="520" ind1=" " ind2=" ">
    <subfield code="a">A través de este trabajo bibliográfico, mi objetivo es profundizar en los aspectos clave de &lt;br />Cayo Julio César, resaltando, sobre todo, la política. &lt;br />Sobre la historiografía moderna, sus primeras obras datan entre los siglos XIV y XVI y &lt;br />fueron obras literarias. Estas obras tuvieron una gran relevancia para la aparición de obras &lt;br />históricas sobre Julio César desde el siglo XIX en adelante.  &lt;br />Cayo Julio César nació en la gens Julia el 12 o 13 de julio del 100 a.C. Su cursus honorum &lt;br />lo inició en el 69 a.C. y desempeñó su primer consulado en el 59 a.C. Hasta su llegada al &lt;br />consulado, se deben resaltar sus dos acciones vinculadas con su tío Cayo Mario, su &lt;br />nombramiento como pontífice máximo en el 63 a.C., los diversos problemas que tuvo con &lt;br />la conjuración de Catilina en ese mismo año y su triunfo durante su propretura frente a &lt;br />lusitanos y galaicos. &lt;br />En su consulado, a pesar de no haber tenido al colega más favorable, gracias a la alianza &lt;br />mal llamada "primer triunvirato" con Craso y Pompeyo, logró hacer frente con mucho &lt;br />éxito a la facción optimate, consiguiendo cumplir sus deseos y los de sus aliados. Entre &lt;br />los deseos de César, se debe resaltar el mando como procónsul en el Ilírico, la Galia &lt;br />Cisalpina y Transalpina por cinco años. &lt;br />Durante su etapa en las Galias (58 a.C. – 51 a.C.), logró dominar toda la Galia, obtuvo &lt;br />grandes sumas económicas, un ejército fiel y experimentado, y una fama solo comparable &lt;br />a la de Pompeyo. Gracias a lo acordado en la conferencia de Lucca en el 56 a.C., la alianza &lt;br />fue restaurada nuevamente y logró alargar su proconsulado cinco años más. &lt;br />Cuando Pompeyo fue cónsul sin colega en el 52 a.C., se propuso que compartiera el &lt;br />consulado con César, pero César prefirió presentarse al consulado in absentia tras el final &lt;br />de su proconsulado, acción que le fue aprobada. Desde el 51 a.C. hasta el 49 a.C., se &lt;br />intentó en el Senado arrebatarle su mando en las Galias, que licenciara su ejército, llevarle &lt;br />a juicio por sus ilegalidades y que no pudiese presentarse in absentia. Para impedir esto, &lt;br />contó con el veto de tribunos cesarianos. Como el Senado no consiguió esos objetivos, &lt;br />declaró el 7 de enero el senatus consultum ultimum. Esta acción provocó que César &lt;br />cruzara el Rubicón el 10 de enero y se iniciara la Segunda Guerra Civil. &lt;br />En los años de guerra, logró la victoria, fue cónsul cuatro veces y dictador otras tres. &lt;br />Además, durante la guerra y la posguerra, mantuvo una política de clemencia hacia sus &lt;br />enemigos. Debido a la posición que tuvo tras ganar la guerra sumado a los poderes que &lt;br />tenía al ser dictador, su posición dentro del mundo religioso y los diversos honores &lt;br />entregados por el Senado, y su nueva dictadura vitalicia, en la práctica actuaba como un &lt;br />rey. Ante sus medidas y la preocupación que había en Roma por la vuelta de la monarquía &lt;br />por parte de César, fue asesinado el 15 de marzo del 44 a.C.   &lt;br />César no acabó con el régimen republicano, pero si lo hizo su hijo adoptivo tras la &lt;br />fundación del Imperio, siendo César, de este modo una figura clave en la transición de &lt;br />República a Imperio. A mi punto de vista, César no deseó instaurar la monarquía.&lt;br />&lt;br /></subfield>
  </datafield>
  <datafield tag="521" ind1=" " ind2=" ">
    <subfield code="a">Graduado en Historia</subfield>
  </datafield>
  <datafield tag="540" ind1=" " ind2=" ">
    <subfield code="a">Derechos regulados por licencia Creative Commons</subfield>
  </datafield>
  <datafield tag="856" ind1="0" ind2=" ">
    <subfield code="f">815069@unizar.es</subfield>
  </datafield>
  <datafield tag="856" ind1="4" ind2=" ">
    <subfield code="s">1406831</subfield>
    <subfield code="u">http://zaguan.unizar.es/record/152506/files/TAZ-TFG-2025-112.pdf</subfield>
    <subfield code="y">Memoria (spa)</subfield>
  </datafield>
  <datafield tag="856" ind1="4" ind2=" ">
    <subfield code="s">978266</subfield>
    <subfield code="u">http://zaguan.unizar.es/record/152506/files/TAZ-TFG-2025-112_ANE.pdf</subfield>
    <subfield code="y">Anexos (spa)</subfield>
  </datafield>
  <datafield tag="909" ind1="C" ind2="O">
    <subfield code="o">oai:zaguan.unizar.es:152506</subfield>
    <subfield code="p">driver</subfield>
    <subfield code="p">trabajos-fin-grado</subfield>
  </datafield>
  <datafield tag="950" ind1=" " ind2=" ">
    <subfield code="a"></subfield>
  </datafield>
  <datafield tag="691" ind1=" " ind2=" ">
    <subfield code="a">0</subfield>
  </datafield>
  <datafield tag="692" ind1=" " ind2=" ">
    <subfield code="a"></subfield>
  </datafield>
  <datafield tag="700" ind1=" " ind2=" ">
    <subfield code="a">Pina Polo, Francisco</subfield>
    <subfield code="e">dir.</subfield>
  </datafield>
  <datafield tag="710" ind1="2" ind2=" ">
    <subfield code="a">Universidad de Zaragoza</subfield>
    <subfield code="b"> </subfield>
    <subfield code="c"></subfield>
  </datafield>
  <datafield tag="980" ind1=" " ind2=" ">
    <subfield code="a">TAZ</subfield>
    <subfield code="b">TFG</subfield>
    <subfield code="c">FFYL</subfield>
  </datafield>
  <datafield tag="999" ind1=" " ind2=" ">
    <subfield code="a">20250128101645.CREATION_DATE</subfield>
  </datafield>
  <datafield tag="951" ind1=" " ind2=" ">
    <subfield code="a">deposita:2025-04-01</subfield>
  </datafield>
</record>
</collection>